Vista normal Vista MARC

Entrada Término de materia

Número de registros utilizados en: 23

001 - NÚMERO DE CONTROL

  • Campo de control: 1034

003 - IDENTIFICADOR DE NÚMERO DE CONTROL

  • Campo de control: OSt

005 - FECHA Y HORA DE LA ULTIMA MODIFICACION

  • Campo de control: 20130611120129.0

008 - ELEMENTOS DE DATOS DE LONGITUD FIJA

  • Campo de longitud fija: 130611|| aca||babn | a|a d

040 ## - FUENTE DE LA CATALOGACIÓN

  • Agencia original de catalogación: OSt

082 ## - NÚMERO DE LA CLASIFICACION DEWEY

  • Número de clasificación: 809

150 ## - ENCABEZAMIENTO--MATERIA

  • Término de materia o geográfico como elemento de entrada: Literatura
  • Subdivisión general: Historia y crítica

450 ## - TRAZADO VEÁSE--MATERIA

  • Término de materia o nombre geográfico como elemento de entrada: Historia de la literatura

450 ## - TRAZADO VEÁSE--MATERIA

  • Término de materia o nombre geográfico como elemento de entrada: Historia literaria

550 ## - TRAZADO VEÁSE ADEMÁS--MATERIA

  • Término de materia o nombre geográfica como elemento de entrada: Cuento
  • Subdivisión general: Historia y crítica

550 ## - TRAZADO VEÁSE ADEMÁS--MATERIA

  • Término de materia o nombre geográfica como elemento de entrada: Ensayo
  • Subdivisión general: Historia y crítica

550 ## - TRAZADO VEÁSE ADEMÁS--MATERIA

  • Término de materia o nombre geográfica como elemento de entrada: Novela
  • Subdivisión general: Historia y crítica

550 ## - TRAZADO VEÁSE ADEMÁS--MATERIA

  • Término de materia o nombre geográfica como elemento de entrada: Poesía
  • Subdivisión general: Historia y crítica

550 ## - TRAZADO VEÁSE ADEMÁS--MATERIA

  • Término de materia o nombre geográfica como elemento de entrada: Teatro (Género literario)
  • Subdivisión general: Historia y crítica

550 ## - TRAZADO VEÁSE ADEMÁS--MATERIA

  • Término de materia o nombre geográfica como elemento de entrada: Estilística

670 ## - FUENTE DE DATOS ENCONTRADOS

  • Fuente de citación: Autoridades de la BNE, 11-06-2013

680 ## - NOTA GENERAL PÚBLICA

  • Texto explicativo: Úsase para obras sobre la historia, la evaluación y cualidades de las obras literarias. Para obras sobre los principios teóricos de la crítica literaria véase Crítica literaria